[Event "11th Vellmar Open 2019"]
[Site "Vellmar GER"]
[Date "2019.07.04"]
[Round "1.28"]
[White "Schnegelsberg,K"]
[Black "Koronowski,Heinz-Juergen"]
[Result "1-0"]
[WhiteElo "2043"]
[BlackElo "1758"]
[WhiteFideId "4653335"]
[BlackFideId "12943762"]
[EventDate "2019.07.04"]

1. Nf3 Nf6 2. g3 g6 3. Bg2 Bg7 4. d3 d5 5. Nbd2 Nc6 6. e4 dxe4 7. dxe4 e5 8. O-O
O-O 9. Re1 Bg4 10. h3 Bxf3 11. Bxf3 Qd7 12. Bg2 Rad8 13. c3 Qe6 14. Qe2 a6 15.
a4 Rd7 16. Nc4 Rfd8 17. a5 Rd3 18. Ne3 R3d7 19. Qc4 Qxc4 20. Nxc4 Ne8 21. Be3
Nd6 22. Bf1 Nxc4 23. Bxc4 Ne7 24. Kf1 Kf8 25. Ke2 Ke8 26. g4 h6 27. h4 Nc8 28.
f3 Ne7 29. b4 Nc8 30. Rec1 Nd6 31. Bd3 Ke7 32. c4 Ke8 33. Rc3 f5 34. Rac1 f4 35.
Bf2 Bf8 36. Rb3 Ra8 37. b5 axb5 38. c5 Nc8 39. c6 bxc6 40. Rxc6 Nd6 41. a6 Kd8
42. a7 Kc8 43. Ra6 Be7 44. Ra5 c6 45. Ra6 Kb7 46. Rb6+ Kc7 47. Rc3 Nc4 48. Bxc4
bxc4 49. Rxc4 c5 50. Ra6 Bd6 51. Bxc5 Bxc5 52. Rxc5+ Kb7 53. Rca5 g5 54. Ra2
gxh4 55. Rxh6 Rxa7 56. Rb2+ Kc8 57. Rh8+ Rd8 58. Rc2+ 1-0

[Event "11th Vellmar Open 2019"]
[Site "Vellmar GER"]
[Date "2019.07.04"]
[Round "1.29"]
[White "Wurst,Maximilian"]
[Black "Zahn,R"]
[Result "0-1"]
[WhiteElo "1704"]
[BlackElo "2051"]
[WhiteFideId "16263740"]
[BlackFideId "4681690"]
[EventDate "2019.07.04"]

1. e4 e6 2. d4 d5 3. Nd2 c5 4. Ngf3 cxd4 5. exd5 exd5 6. Nb3 Nc6 7. Nbxd4 Bc5 8.
Be2 Nge7 9. O-O O-O 10. c3 Nf5 11. Bg5 Be7 12. Bxe7 Ncxe7 13. Qb3 a6 14. Rad1
Qc7 15. h3 Bd7 16. Rd2 Rad8 17. Rfd1 Nd6 18. Bd3 Rfe8 19. Re2 h6 20. Rde1 Bc8
21. Ne5 b5 22. a4 bxa4 23. Qxa4 Bb7 24. g4 Ne4 25. Bxe4 dxe4 26. Nc4 Ng6 27. Nf5
Re6 28. Qa5 Qb8 29. Rd2 Rxd2 30. Nxd2 Nf4 31. Re3 h5 32. Qc5 Qd8 33. Qd4 Qg5 34.
Nxe4 Bxe4 35. Rxe4 Ne2+ 36. Rxe2 Rxe2 37. Qc4 Re1+ 38. Kh2 hxg4 39. Qxg4 Qf6 40.
h4 g6 41. Ng3 Qxf2+ 0-1

[Event "11th Vellmar Open 2019"]
[Site "Vellmar GER"]
[Date "2019.07.04"]
[Round "1.30"]
[White "Braun,I"]
[Black "Michels,Fabio"]
[Result "1-0"]
[WhiteElo "2050"]
[BlackElo "1720"]
[WhiteFideId "24657816"]
[BlackFideId "16223780"]
[EventDate "2019.07.04"]

1. e4 c5 2. Nc3 Nc6 3. g3 g6 4. d3 Bg7 5. Bg2 d6 6. Be3 e6 7. Qd2 Rb8 8. Nf3 Nd4
9. O-O Ne7 10. Nd1 b5 11. Nh4 b4 12. c3 bxc3 13. bxc3 Ndc6 14. Bh6 O-O 15. Bxg7
Kxg7 16. f4 f5 17. Ne3 Ba6 18. Rfe1 Qc7 19. Nf3 Rb6 20. exf5 exf5 21. Ng5 Qd7
22. Nd5 Re8 23. Nxb6 axb6 24. Qe3 h6 25. Qe6 1-0

[Event "11th Vellmar Open 2019"]
[Site "Vellmar GER"]
[Date "2019.07.04"]
[Round "1.31"]
[White "Fromm,Nick"]
[Black "Maar,Samuel"]
[Result "1/2-1/2"]
[WhiteElo "1694"]
[BlackElo "1998"]
[WhiteFideId "12958026"]
[BlackFideId "12952591"]
[EventDate "2019.07.04"]

1. e4 c5 2. Nf3 d6 3. d4 cxd4 4. Nxd4 Nf6 5. Nc3 g6 6. Be3 Bg7 7. f3 O-O 8. Qd2
Nc6 9. Bc4 Bd7 10. O-O-O Rc8 11. Bb3 Na5 12. g4 a6 13. h4 Bc6 14. h5 Nxb3+ 15.
axb3 Qa5 16. Kb1 Nd7 17. hxg6 fxg6 18. Qh2 Kf7 19. Nf5 Rh8 20. Nxg7 Kxg7 21.
Bd4+ e5 22. Be3 Qc7 23. Qd2 1/2-1/2

[Event "11th Vellmar Open 2019"]
[Site "Vellmar GER"]
[Date "2019.07.04"]
[Round "1.32"]
[White "Carroll,Peter"]
[Black "Kuschel,Heidi"]
[Result "1-0"]
[WhiteElo "2032"]
[BlackElo "1736"]
[WhiteFideId "2510243"]
[BlackFideId "12974587"]
[EventDate "2019.07.04"]

1. e4 e5 2. Nf3 Nc6 3. Nc3 Nf6 4. g3 d5 5. exd5 Nxd5 6. Bg2 Bg4 7. O-O Nxc3 8.
bxc3 Bd6 9. h3 Bh5 10. Rb1 Qc8 11. d4 O-O 12. g4 Bxg4 13. hxg4 Qxg4 14. Nxe5
Qxd1 15. Rxd1 Nxe5 16. dxe5 Bxe5 17. Bxb7 Rad8 18. Be3 Bxc3 19. Bxa7 Be5 20. Bc5
Bd6 21. Bxd6 cxd6 22. a4 Rfe8 23. a5 1-0

[Event "11th Vellmar Open 2019"]
[Site "Vellmar GER"]
[Date "2019.07.04"]
[Round "1.33"]
[White "Kroemer,Alexander"]
[Black "Knudsen,M"]
[Result "0-1"]
[WhiteElo "1641"]
[BlackElo "2021"]
[WhiteFideId "12974676"]
[BlackFideId "1406523"]
[EventDate "2019.07.04"]

1. e4 d6 2. d4 Nf6 3. Nc3 g6 4. f4 Bg7 5. Nf3 O-O 6. h3 c5 7. Be3 cxd4 8. Nxd4
Nc6 9. Bd3 Nd7 10. Nxc6 bxc6 11. Bc4 Qa5 12. Qd2 Nc5 13. Bxc5 Qxc5 14. Bb3 a5
15. Na4 Qa7 16. O-O-O Rb8 17. g4 Bd7 18. f5 c5 19. c3 c4 20. Bc2 Bc6 21. fxg6
fxg6 22. Rdg1 Rf2 23. Qd1 0-1

[Event "11th Vellmar Open 2019"]
[Site "Vellmar GER"]
[Date "2019.07.04"]
[Round "1.34"]
[White "Lenhardt,M"]
[Black "Niedenthal,R"]
[Result "1-0"]
[WhiteElo "2004"]
[BlackElo "1682"]
[WhiteFideId "4630211"]
[BlackFideId "24627216"]
[EventDate "2019.07.04"]

1. d4 Nf6 2. Nf3 c5 3. d5 d6 4. Nc3 a6 5. a4 g6 6. e4 Bg7 7. h3 O-O 8. Be2 Nbd7
9. O-O b6 10. Bc4 Bb7 11. Bf4 Nh5 12. Bh2 Qc7 13. Qd2 Rac8 14. Qd3 Ra8 15. Rfe1
Ne5 16. Nxe5 dxe5 17. Qe3 Qd6 18. Ne2 f6 19. g4 Nf4 20. Nxf4 Bh6 21. Qc3 Bxf4
22. Bxf4 exf4 23. e5 fxe5 24. Rxe5 Rf6 25. Rxe7 Bc8 26. Rae1 Rb8 27. Re8+ Kg7
28. g5 1-0

[Event "11th Vellmar Open 2019"]
[Site "Vellmar GER"]
[Date "2019.07.04"]
[Round "1.35"]
[White "Kanbach,Moritz"]
[Black "Yaghy,Ritta."]
[Result "0-1"]
[WhiteElo "1647"]
[BlackElo "1912"]
[WhiteFideId "12981214"]
[BlackFideId "7603266"]
[EventDate "2019.07.04"]

1. e4 c5 2. Nf3 d6 3. Bb5+ Nd7 4. O-O e6 5. d3 Be7 6. c4 a6 7. Bxd7+ Bxd7 8. Nc3
Nf6 9. b3 O-O 10. Bb2 b5 11. Re1 Bc6 12. h3 Qc7 13. Qe2 Rfe8 14. Rad1 Rad8 15.
Nd2 Qa5 16. Nf3 b4 17. e5 Bxf3 18. Qxf3 bxc3 19. exf6 Bxf6 20. Ba1 Qxa2 21. Qc6
Bd4 22. Rf1 Qxb3 23. Qxa6 Ra8 24. Qxd6 c2 25. Rc1 Bxa1 26. Rxa1 Rxa1 27. Rxa1
Qb1+ 28. Rxb1 cxb1=Q+ 29. Kh2 Qb8 30. Qxb8 Rxb8 31. g4 Rd8 32. Kg3 Rxd3+ 33. f3
Rd4 34. h4 Rxc4 35. h5 Rd4 36. g5 c4 37. f4 c3 38. Kg4 c2 39. g6 c1=Q 40. gxh7+
Kxh7 41. h6 Rxf4+ 42. Kh3 Qe3+ 43. Kg2 Rf2+ 44. Kh1 Qe1# 0-1

[Event "11th Vellmar Open 2019"]
[Site "Vellmar GER"]
[Date "2019.07.04"]
[Round "1.36"]
[White "Fuhrmeister,U"]
[Black "Ruhl,Marcel"]
[Result "1/2-1/2"]
[WhiteElo "2008"]
[BlackElo "1653"]
[WhiteFideId "24611778"]
[BlackFideId "12960195"]
[EventDate "2019.07.04"]

1. Nf3 Nc6 2. d4 d5 3. c4 e6 4. Nc3 Nf6 5. Bg5 Be7 6. e3 O-O 7. Rc1 h6 8. Bh4
Ne4 9. Bg3 Nxg3 10. hxg3 Nb8 11. a3 c6 12. Bd3 Nd7 13. Qe2 Nf6 14. O-O Re8 15.
Rfd1 a6 16. c5 Qc7 17. b4 Nd7 18. e4 dxe4 19. Qxe4 Nf6 20. Qe2 Bd7 21. Ne5 Rad8
22. Bb1 Bc8 23. Ba2 Nd5 24. Qh5 Bf6 25. Ng4 Qe7 26. Ne4 Bg5 27. f4 Nxf4 28. gxf4
Bxf4 29. Rb1 f5 30. Qxf5 Rf8 31. Qg6 Qh4 32. Bxe6+ Bxe6 33. Qxe6+ Kh7 34. Ngf2
Rde8 35. Qh3 Qxh3 36. gxh3 Be3 37. Kg2 Re6 38. Rd3 Bxf2 39. Nxf2 Re2 40. Rf3 1/2-1/2

[Event "11th Vellmar Open 2019"]
[Site "Vellmar GER"]
[Date "2019.07.04"]
[Round "1.37"]
[White "Silini,Jalel"]
[Black "Ehrlich,K"]
[Result "0-1"]
[WhiteElo "1650"]
[BlackElo "2006"]
[WhiteFideId "16215397"]
[BlackFideId "24666530"]
[EventDate "2019.07.04"]

1. e4 c5 2. Nf3 d6 3. Nc3 Nc6 4. d4 cxd4 5. Nxd4 g6 6. Be3 Bg7 7. Qd2 Nf6 8. Be2
Bd7 9. f3 h5 10. O-O Rc8 11. Rad1 a6 12. a3 Ne5 13. Na2 O-O 14. c3 b5 15. Nb4 a5
16. Nbc2 Nc4 17. Bxc4 bxc4 18. Bh6 Rc5 19. Bxg7 Kxg7 20. Ne3 Qb6 21. Qe2 Rfc8
22. Kh1 e5 23. Ndc2 Qxb2 24. Rb1 Qxc3 25. Nd1 Qd3 26. Qf2 Ba4 27. Nde3 Bxc2 28.
Nxc2 c3 29. Rfd1 Qa6 30. Rb3 d5 31. exd5 Rxd5 32. Rxd5 Nxd5 33. h3 Qd3 34. Rb1
Qd2 35. Rf1 Qxf2 36. Rxf2 Rb8 37. Rf1 Nf4 38. Rc1 Nd3 39. Rf1 Rb2 40. Ne3 c2 0-1

[Event "11th Vellmar Open 2019"]
[Site "Vellmar GER"]
[Date "2019.07.04"]
[Round "1.38"]
[White "Werner,Mart"]
[Black "Lehmann,Nils"]
[Result "1-0"]
[WhiteElo "2001"]
[BlackElo "1626"]
[WhiteFideId "4607970"]
[BlackFideId "12982610"]
[EventDate "2019.07.04"]

1. d4 d5 2. Nc3 Nf6 3. Bg5 Bf5 4. Bxf6 exf6 5. e3 c6 6. Bd3 Bg6 7. Nge2 Bd6 8.
Ng3 Nd7 9. Qf3 Qb6 10. O-O-O Bb4 11. Nce2 Qa5 12. Kb1 O-O-O 13. Nf5 Bxf5 14.
Bxf5 Qc7 15. c4 dxc4 16. Rc1 c3 17. Nxc3 Kb8 18. Nd5 Qa5 19. Qg3+ Kc8 20. Bxd7+
Rxd7 21. Qxg7 Rhd8 22. Nxb4 Qxb4 23. Qxf6 Rd5 24. Qxf7 Rf8 25. Qxd5 1-0

[Event "11th Vellmar Open 2019"]
[Site "Vellmar GER"]
[Date "2019.07.04"]
[Round "1.39"]
[White "Kotliarevski,Dennis"]
[Black "Simukov,Erik"]
[Result "1/2-1/2"]
[WhiteElo "1624"]
[BlackElo "1893"]
[WhiteFideId "12995371"]
[BlackFideId "12995380"]
[EventDate "2019.07.04"]

1. e4 e5 2. Bc4 Nf6 3. d4 exd4 4. Nf3 Nc6 5. e5 d5 6. Bb5 Ne4 7. Nxd4 Bc5 8.
Nxc6 Bxf2+ 9. Kf1 bxc6 10. Bxc6+ Kf8 11. c4 Qh4 12. Qd3 Bf5 13. Qf3 Bg4 14. Qd3
Bc5 15. Be3 Ng3+ 16. Kg1 Ne2+ 17. Kf1 Ng3+ 18. Kg1 Bxe3+ 19. Qxe3 Ne2+ 20. Kf1
Rd8 21. cxd5 Qh5 22. Nd2 Qf5+ 23. Nf3 Bxf3 24. Qxf3 Qxf3+ 25. gxf3 Nd4 26. Rc1 1/2-1/2

[Event "11th Vellmar Open 2019"]
[Site "Vellmar GER"]
[Date "2019.07.04"]
[Round "1.40"]
[White "Ahlers,Knut"]
[Black "Maas,Kolja"]
[Result "1-0"]
[WhiteElo "1854"]
[BlackElo "1571"]
[WhiteFideId "16203534"]
[BlackFideId "16220420"]
[EventDate "2019.07.04"]

1. e4 e5 2. Nf3 Nf6 3. Nxe5 d6 4. Nf3 Nxe4 5. Nc3 Nxc3 6. dxc3 Nc6 7. Be3 Bg4 8.
Be2 Be7 9. Qd3 Qd7 10. O-O-O Bf5 11. Qb5 O-O-O 12. Qa4 b6 13. Bb5 Kb7 14. Ne5
dxe5 15. Rxd7 Bxd7 16. Rd1 Be8 17. Rxd8 Bxd8 18. Ba6+ Kb8 19. Qg4 Ne7 20. Qxg7
Rg8 21. Qxe5 Rxg2 22. Bg5 Rg1+ 23. Kd2 1-0

[Event "11th Vellmar Open 2019"]
[Site "Vellmar GER"]
[Date "2019.07.04"]
[Round "1.41"]
[White "Azizov,Fariz"]
[Black "Lehmann,Tim"]
[Result "0-1"]
[WhiteElo "1458"]
[BlackElo "1967"]
[WhiteFideId "16218132"]
[BlackFideId "12979171"]
[EventDate "2019.07.04"]

1. d4 Nf6 2. c4 g6 3. Nc3 Bg7 4. e4 d6 5. h3 O-O 6. Nf3 e5 7. d5 Nh5 8. g4 Nf4
9. Bxf4 exf4 10. Qc2 Na6 11. a3 Nc5 12. Bd3 a5 13. O-O-O a4 14. Ne2 Ra6 15. Nc3
Rb6 16. Rhe1 Re8 17. Re2 Bd7 18. Nd2 Qh4 19. Rh1 Bxg4 20. f3 Bd7 21. Reh2 Be5
22. Kb1 Qf6 23. Ka2 Ra8 24. Rb1 Raa6 25. h4 h5 26. Nd1 Rb3 27. Be2 Rab6 28. Bf1
Kh7 29. Be2 Qe7 30. Qc1 Bf6 31. Nxb3 axb3+ 32. Ka1 Na4 33. Nc3 Qe8 34. Nxa4 Bxa4
35. c5 Qa8 36. cxb6 Bd7 37. Ba6 Qxa6 38. e5 Bxe5 0-1

[Event "11th Vellmar Open 2019"]
[Site "Vellmar GER"]
[Date "2019.07.04"]
[Round "1.42"]
[White "Wiegand,C"]
[Black "Warter,Simon"]
[Result "1-0"]
[WhiteElo "1975"]
[BlackElo "1565"]
[WhiteFideId "4675231"]
[BlackFideId "16223080"]
[EventDate "2019.07.04"]

1. e4 e5 2. Nf3 Nc6 3. Nc3 Nf6 4. d4 exd4 5. Nxd4 d6 6. Bb5 Bd7 7. Bxc6 Bxc6 8.
Qd3 Qd7 9. f3 O-O-O 10. Be3 b6 11. Nxc6 Qxc6 12. O-O-O Nd7 13. Kb1 g6 14. Bd4
Rg8 15. Nd5 Re8 16. Qa6+ Kb8 17. Rd3 Qb7 18. Qa4 c5 19. Bf6 Re6 20. Bh4 g5 21.
Bg3 Rgg6 22. Ne3 Nf6 23. Rhd1 Nh5 24. Bf2 b5 25. Qa5 Qb6 26. Qe1 Ng7 27. Nd5 Qc6
28. Qa5 Nh5 29. Ra3 Qb7 30. Rb3 a6 31. Ra3 Ka7 32. Nc7 d5 33. Nxe6 fxe6 34. exd5
exd5 35. Qd8 Be7 36. Qxd5 Rd6 37. Bxc5+ 1-0

[Event "11th Vellmar Open 2019"]
[Site "Vellmar GER"]
[Date "2019.07.05"]
[Round "2.1"]
[White "Schnepp,G"]
[Black "Hourigan,Gerrit"]
[Result "1-0"]
[WhiteTitle "FM"]
[WhiteElo "2292"]
[BlackElo "2037"]
[WhiteFideId "1604503"]
[BlackFideId "16204174"]
[EventDate "2019.07.04"]

1. e4 c5 2. Nf3 d6 3. d4 cxd4 4. Nxd4 Nf6 5. Nc3 a6 6. Bg5 Nbd7 7. g3 e6 8. Bg2
Be7 9. Qe2 O-O 10. O-O-O Qc7 11. f4 Nb6 12. Kb1 Bd7 13. f5 Nc4 14. fxe6 fxe6 15.
Bh3 Qc8 16. Nf3 Qc5 17. e5 Nd5 18. Rxd5 exd5 19. Bxd7 Qb4 20. Bc1 Rxf3 21. Nxd5
Na3+ 22. Ka1 Nxc2+ 23. Qxc2 Qd4 24. Nxe7+ Kh8 25. e6 Rf2 26. Qd1 Qb4 27. Nd5 Qe4
28. Re1 Qf5 29. g4 Qg6 30. e7 1-0

[Event "11th Vellmar Open 2019"]
[Site "Vellmar GER"]
[Date "2019.07.05"]
[Round "2.2"]
[White "Keller,Pe GER"]
[Black "Schnegelsberg,K"]
[Result "1-0"]
[WhiteTitle "FM"]
[WhiteElo "2279"]
[BlackElo "2043"]
[WhiteFideId "1272105"]
[BlackFideId "4653335"]
[EventDate "2019.07.04"]

1. e4 e6 2. d4 d5 3. Nc3 Bb4 4. e5 c5 5. a3 Bxc3+ 6. bxc3 Ne7 7. Qg4 cxd4 8.
Qxg7 Rg8 9. Qxh7 Nbc6 10. Ne2 Qc7 11. f4 dxc3 12. h4 d4 13. h5 Bd7 14. h6 O-O-O
15. Qd3 Kb8 16. h7 Rh8 17. Rb1 Ka8 18. g4 Nxe5 19. fxe5 Ng6 20. Rh5 Nxe5 21.
Rxe5 Qxe5 22. Bg2 Bc8 23. Bf4 Qg7 24. Rxb7 1-0

[Event "11th Vellmar Open 2019"]
[Site "Vellmar GER"]
[Date "2019.07.05"]
[Round "2.3"]
[White "Windelband,J"]
[Black "Dorst,J"]
[Result "0-1"]
[BlackTitle "FM"]
[WhiteElo "2075"]
[BlackElo "2234"]
[WhiteFideId "4663845"]
[BlackFideId "4650433"]
[EventDate "2019.07.04"]

1. e4 c5 2. Nf3 d6 3. d4 cxd4 4. Nxd4 Nf6 5. Nc3 a6 6. Be2 e5 7. Nb3 Be7 8. O-O
O-O 9. f4 b5 10. Kh1 Bb7 11. Bd3 Nbd7 12. Qf3 Rc8 13. Be3 Re8 14. Rae1 Bf8 15.
a3 d5 16. exd5 Rxc3 17. bxc3 e4 18. Qd1 exd3 19. cxd3 Bxd5 20. Nd4 Qa8 21. Qd2
Bxa3 22. Ra1 Bc5 23. Bg1 Qb7 24. Nf3 Bxg1 25. Kxg1 Qb6+ 26. Kh1 h6 27. Nd4 Nc5
28. Rae1 Rxe1 29. Rxe1 Nb3 30. Nxb3 Bxb3 31. Qb2 Be6 32. h3 Qd6 33. Qd2 Nh5 34.
Re5 Ng3+ 35. Kg1 f6 36. Re1 Nf5 37. Qe2 Bd7 38. Qe4 Qc5+ 39. d4 Qxc3 40. Re2 Qc6
41. d5 Qc5+ 42. Kh2 Qc4 43. Qf3 Nd4 0-1

[Event "11th Vellmar Open 2019"]
[Site "Vellmar GER"]
[Date "2019.07.05"]
[Round "2.4"]
[White "Zahn,R"]
[Black "Meyner,H"]
[Result "1/2-1/2"]
[WhiteElo "2051"]
[BlackElo "2213"]
[WhiteFideId "4681690"]
[BlackFideId "4664205"]
[EventDate "2019.07.04"]

1. d4 d5 2. e3 c5 3. f4 g6 4. Nf3 Bg7 5. c3 Qc7 6. Bd3 Nh6 7. O-O Bf5 8. Ne5 O-O
9. Be2 Bxb1 10. Rxb1 cxd4 11. exd4 Nf5 12. Bf3 e6 13. Qe2 Nd7 14. Bd2 Nd6 15.
Nxd7 Qxd7 16. g4 f5 17. h3 Ne4 18. Kg2 b5 19. Be3 Rfc8 20. Rbc1 Rab8 21. Rfd1
Bf8 22. Qd3 Qd8 23. g5 Qc7 24. Be2 Bd6 25. Rf1 Rb6 26. h4 Rc6 27. a3 a5 28. Kf3
Qb7 29. Rh1 b4 30. cxb4 axb4 31. Qb5 Qxb5 32. Bxb5 Rxc1 33. Rxc1 Rxc1 34. Bxc1
bxa3 35. bxa3 Bc7 36. a4 Ba5 37. Ba3 Kf7 38. Bc6 Bd2 39. Bd7 Bc3 40. Ke3 Bd2+
41. Kf3 Bc3 1/2-1/2

[Event "11th Vellmar Open 2019"]
[Site "Vellmar GER"]
[Date "2019.07.05"]
[Round "2.5"]
[White "Braun,I"]
[Black "Bergauz,Avigdor"]
[Result "1-0"]
[WhiteElo "2050"]
[BlackElo "2225"]
[WhiteFideId "24657816"]
[BlackFideId "12943770"]
[EventDate "2019.07.04"]

1. e4 c6 2. d4 d5 3. e5 c5 4. Nf3 Nc6 5. dxc5 Bg4 6. Bb5 e6 7. Be3 Ne7 8. c3 Qc7
9. Bd4 Ng6 10. O-O Be7 11. Re1 O-O 12. Bxc6 bxc6 13. Nbd2 f6 14. Qa4 Nf4 15. Be3
fxe5 16. Bxf4 Rxf4 17. b4 Bxc5 18. g3 Rf5 19. bxc5 Bxf3 20. Nxf3 Rxf3 21. Re3
Rf5 22. Rb1 Raf8 23. Re2 e4 24. Qa6 Qf7 25. Rb7 Qg6 26. Qxc6 Qf6 27. Qd7 Qxc3
28. c6 Qd4 29. Qxe6+ Kh8 30. Qxf5 Qc5 31. Rf7 Rg8 32. c7 Qc4 33. Re1 Qc3 34. Rd1
e3 35. fxe3 Qxe3+ 36. Qf2 Qe4 37. c8=Q 1-0

[Event "11th Vellmar Open 2019"]
[Site "Vellmar GER"]
[Date "2019.07.05"]
[Round "2.6"]
[White "Schulze,Lara"]
[Black "Carroll,Peter"]
[Result "1-0"]
[WhiteTitle "WFM"]
[WhiteElo "2253"]
[BlackElo "2032"]
[WhiteFideId "12956830"]
[BlackFideId "2510243"]
[EventDate "2019.07.04"]

1. e4 c5 2. Nf3 d6 3. d4 cxd4 4. Nxd4 Nf6 5. Nc3 a6 6. f3 e5 7. Nb3 Be6 8. Be3
Be7 9. Qd2 O-O 10. O-O-O Nbd7 11. g4 b5 12. g5 b4 13. gxf6 bxc3 14. Qxc3 Nxf6
15. Na5 d5 16. Nc6 Qc7 17. Nxe7+ Qxe7 18. Qxe5 Nd7 19. Qd4 dxe4 20. Rg1 f5 21.
fxe4 f4 22. Bd2 a5 23. Bb5 Nc5 24. Rxg7+ Qxg7 25. Rg1 Bg4 26. Bc4+ Kh8 27. Bc3
Qxd4 28. Bxd4+ Rf6 29. Bxf6# 1-0

[Event "11th Vellmar Open 2019"]
[Site "Vellmar GER"]
[Date "2019.07.05"]
[Round "2.7"]
[White "Cherny,A"]
[Black "Lenhardt,M"]
[Result "1-0"]
[WhiteElo "2188"]
[BlackElo "2004"]
[WhiteFideId "4688473"]
[BlackFideId "4630211"]
[EventDate "2019.07.04"]

1. d4 d5 2. Bf4 Nf6 3. e3 Bf5 4. Nd2 c5 5. dxc5 Nc6 6. Nb3 e5 7. Bg3 Ne4 8. Bb5
f6 9. Qh5+ g6 10. Qe2 Nxc5 11. c3 a6 12. Nxc5 Bxc5 13. Ba4 O-O 14. Rd1 Kg7 15.
Bb3 d4 16. e4 Bd7 17. Bd5 Qb6 18. Nh3 dxc3 19. bxc3 Ne7 20. Bc4 Ba4 21. Ra1 Rad8
22. O-O Qd6 23. Kh1 g5 24. Rfb1 Rd7 25. Qg4 Rc7 26. f4 Bd7 27. fxe5 Bxg4 28.
exd6 Bxd6 29. Bxd6 Rxc4 30. Bxe7 1-0

[Event "11th Vellmar Open 2019"]
[Site "Vellmar GER"]
[Date "2019.07.05"]
[Round "2.8"]
[White "Yaghy,Ritta."]
[Black "Wiley,To"]
[Result "1-0"]
[BlackTitle "FM"]
[WhiteElo "1912"]
[BlackElo "2162"]
[WhiteFideId "7603266"]
[BlackFideId "401765"]
[EventDate "2019.07.04"]

1. e4 e6 2. d4 d5 3. Nc3 Bb4 4. a3 Bxc3+ 5. bxc3 dxe4 6. Qg4 Nf6 7. Qxg7 Rg8 8.
Qh6 c5 9. Ne2 Bd7 10. Ng3 Bc6 11. Be3 Nbd7 12. Be2 Rg6 13. Qh4 Qa5 14. O-O O-O-O
15. c4 cxd4 16. Bxd4 Qg5 17. Qxg5 Rxg5 18. f3 a6 19. fxe4 Nxe4 20. Nxe4 Bxe4 21.
Bf3 Bxf3 22. Rxf3 f5 23. Re1 Rg6 24. Rd3 Rdg8 25. Rd2 Nb8 26. Kf1 Rd8 27. Bc3
Rxd2 28. Bxd2 Nd7 29. Bc3 Kc7 30. Bb4 e5 31. Re3 h6 32. Rd3 Rc6 33. Rc3 Nf6 34.
Ke2 Ne4 35. Rf3 f4 36. Kd3 Ng5 37. Rf1 Rg6 38. Ke2 Ne4 39. Kf3 Nd6 40. Bxd6+
Kxd6 41. Rd1+ Ke6 42. g3 fxg3 43. hxg3 Kf5 44. Rd5 Rc6 45. c5 Ke6 46. Ke4 b6 47.
Rxe5+ Kf6 48. cxb6 Rxb6 49. Rc5 Kg6 50. Kd5 Kg5 51. Rc6 Rb2 52. c4 a5 53. Ra6
Rb3 54. Rxa5 Rxg3 55. Kd6+ Kf6 56. c5 Rd3+ 57. Kc7 h5 58. c6 h4 59. Kb6 Rb3+ 60.
Rb5 Rxb5+ 61. Kxb5 h3 62. c7 h2 63. c8=Q h1=Q 64. Qc6+ 1-0

[Event "11th Vellmar Open 2019"]
[Site "Vellmar GER"]
[Date "2019.07.05"]
[Round "2.9"]
[White "Fuhrmeister,U"]
[Black "Colbow,Collin"]
[Result "0-1"]
[WhiteElo "2008"]
[BlackElo "2167"]
[WhiteFideId "24611778"]
[BlackFideId "16201132"]
[EventDate "2019.07.04"]

1. Nf3 c5 2. c4 g6 3. Nc3 Bg7 4. g3 Nc6 5. Bg2 e5 6. O-O d6 7. d3 Nge7 8. a3 a5
9. Bd2 O-O 10. Re1 h6 11. Rb1 Be6 12. Na4 f5 13. Bc3 Rb8 14. b4 axb4 15. axb4
cxb4 16. Bxb4 b5 17. cxb5 Nxb4 18. Rxb4 Qa5 19. Rb1 Rxb5 20. Rxb5 Qxb5 21. Nc3
Qc5 22. Nb1 e4 23. Nfd2 e3 24. fxe3 Qxe3+ 25. Kh1 f4 26. Nc4 Qc5 27. gxf4 Rxf4
28. Rf1 Rh4 29. Nbd2 Bxc4 30. dxc4 Nf5 31. Bd5+ Kh7 32. Ne4 Qe3 33. Rf3 Qb6 34.
Ng3 Be5 35. Rxf5 gxf5 36. Qd3 Qf2 37. Qxf5+ Qxf5 38. Nxf5 Rxh2+ 39. Kg1 Rxe2 40.
Bf3 Rb2 41. Be4 Kg6 42. Nxd6+ Kg5 43. Nf7+ Kf4 44. Bd5 h5 45. Nd8 h4 46. Ne6+
Kg3 0-1

[Event "11th Vellmar Open 2019"]
[Site "Vellmar GER"]
[Date "2019.07.05"]
[Round "2.10"]
[White "Ehrlich,K"]
[Black "Henrich,T"]
[Result "0-1"]
[BlackTitle "FM"]
[WhiteElo "2006"]
[BlackElo "2139"]
[WhiteFideId "24666530"]
[BlackFideId "4640993"]
[EventDate "2019.07.04"]

1. e4 e6 2. d4 d5 3. Nd2 Nf6 4. e5 Nfd7 5. Bd3 c5 6. c3 b6 7. Ne2 Ba6 8. Nf3
Bxd3 9. Qxd3 Nc6 10. Bd2 Be7 11. O-O c4 12. Qc2 b5 13. b3 Nb6 14. Rfb1 a6 15. h3
O-O 16. Nf4 Qd7 17. Nh5 f6 18. exf6 gxf6 19. Re1 Rae8 20. Bh6 Rf7 21. Re3 Bd6
22. Rae1 Nd8 23. Ne5 fxe5 24. Rg3+ Kh8 25. Bg7+ Rxg7 26. Rxg7 Qxg7 27. Nxg7 Kxg7
28. dxe5 Bc5 29. b4 Be7 30. Re3 Nf7 31. Qe2 Bg5 32. Rg3 d4 33. cxd4 Nd5 34. h4
c3 35. Qc2 Rc8 36. a3 a5 37. hxg5 Nh8 38. bxa5 b4 39. Qa4 Rc7 40. Qc2 b3 41.
Qxb3 c2 42. a6 c1=Q+ 43. Kh2 Ng6 44. Qb5 Qf4 45. Qa5 Qxd4 46. Rb3 Qh4+ 47. Rh3
Qxf2 48. Rb3 Qf4+ 49. Rg3 Rc3 50. Qxc3 Nxc3 51. a7 Ne2 0-1

[Event "11th Vellmar Open 2019"]
[Site "Vellmar GER"]
[Date "2019.07.05"]
[Round "2.11"]
[White "Boder,Jan"]
[Black "Werner,Mart"]
[Result "1-0"]
[WhiteElo "2116"]
[BlackElo "2001"]
[WhiteFideId "16243226"]
[BlackFideId "4607970"]
[EventDate "2019.07.04"]

1. b3 e5 2. Bb2 Nc6 3. e3 g6 4. f4 Bg7 5. Nf3 d6 6. Bb5 Bd7 7. O-O Nge7 8. fxe5
dxe5 9. Ng5 O-O 10. Bc4 Be8 11. Qf3 Nf5 12. Ne4 Nd6 13. Ba3 b5 14. Bxd6 cxd6 15.
Bxb5 f5 16. Bxc6 Bxc6 17. Nf6+ Bxf6 18. Qxc6 e4 19. c3 Rc8 20. Qa6 Be5 21. g3 h5
22. Qe2 h4 23. Qg2 hxg3 24. hxg3 Qg5 25. Kf2 f4 26. gxf4 Bxf4 27. Qxg5 Bxg5+ 28.
Ke2 Rxf1 29. Kxf1 Rf8+ 30. Kg2 Bh4 31. Na3 Rf2+ 32. Kh3 Be7 33. Rd1 d5 34. Nb5
Kg7 35. c4 a6 36. Nc7 Bd6 37. Ne8+ 1-0